000
00307nam a22001337a 4500
008
180129b xxu||||| |||| 00| 0 eng d
020
_a
00118532
041
_a
eng
080
_a
616.31 RAN
100
_a
5
101
_a
STO
245
_a
The dental clinics of north america
_c
Ranalli,D.N
942
_2
udc
_c
BK
999
_c
41137
_d
41137